The Big Bang Theory Characters by Picture - Statistics

General Stats
  • This quiz has been taken 731 times
  • The average score is 12 of 16
Answer Stats
Picture Answer % Correct
Sheldon Cooper
100%
Penny
99%
Rajesh "Raj" Koothrappali
97%
Amy Farah Fowler
95%
Howard Wolowitz
95%
Leonard Hofstadter
95%
Bernadette Rostenkowski
91%
Stuart Bloom
86%
Barry Kripke
77%
Wil Wheaton
74%
Leslie Winkle
68%
Priya Koothrappali
67%
Zack Johnson
60%
Arthur Jeffries
42%
President Siebert
33%
Denise
27%
No matching quizzes found
Score Distribution
Percent of People with Each Score
Percentile by Number Answered
Your Score History
You have not taken this quiz